000 00573nam a2200193Ia 4500
001 8012
003 GE_BSU
008 181216s||||||||xx |||||||||||||| ||und||
040 _cGE_BSU
245 _aცისკარი 2011 №1
245 _bქართული სიტყვიერებითი ჟურნალი
245 _cრედ.ზაურ კალანდია
260 _aთბილისი
260 _bცისკარი
260 _c2010
300 _a146გვვ.29 სმ.
653 _aცისკარი
942 _cCR
999 _c41354
_d41354